Catálogo paremiológico / (Record no. 11937)

MARC details
000 -LEADER
campo de control de longitud fija 01091nam a2200289 i 4500
001 - NÚMERO DE CONTROL
campo de control 11937
003 - IDENTIFICADOR DE NÚMERO DE CONTROL
campo de control ES-MaACL
005 - FECHA Y HORA DE LA ÚLTIMA TRANSACCIÓN
campo de control 20230906150215.0
007 - CAMPO FIJO DE DESCRIPCIÓN FÍSICA--INFORMACIÓN GENERAL
campo de control de longitud fija t|
008 - DATOS DE LONGITUD FIJA--INFORMACIÓN GENERAL
campo de control de longitud fija 970113s1995 sp ah b |||| | spa d
020 ## - NÚMERO INTERNACIONAL ESTÁNDAR DEL LIBRO
Número Internacional Estándar del Libro 84-7895-045-1
080 ## - NÚMERO DE LA CLASIFICACIÓN DECIMAL UNIVERSAL
Número de la Clasificación Decimal Universal 016:398.9
100 1# - ENTRADA PRINCIPAL--NOMBRE DE PERSONA
Nombre de persona García Moreno, Melchor.
9 (RLIN) 55001
245 10 - MENCIÓN DEL TÍTULO
Título Catálogo paremiológico /
Mención de responsabilidad, etc. Melchor García Moreno ; introducción de Francisco Calero.
260 ## - PUBLICACIÓN, DISTRIBUCIÓN, ETC.
Lugar de publicación, distribución, etc. Madrid :
Nombre del editor, distribuidor, etc. Ollero & Ramos :
-- Biblioteca Histórica del Ayuntamiento de Madrid,
Fecha de publicación, distribución, etc. 1995.
300 ## - DESCRIPCIÓN FÍSICA
Extensión 1 v. (pag. var.) :
Otras características físicas il. ;
Dimensiones 24 cm.
534 ## - NOTA SOBRE LA VERSIÓN ORIGINAL
Frase introductoria Reprod. facs. de la ed. de:
Publicación, distribución, etc. del original Madrid : [s.n.], 1918.
534 ## - NOTA SOBRE LA VERSIÓN ORIGINAL
Frase introductoria Incluye reprod. facs. de.
Mención de título del original Apéndice al catálogo paremiológico,
Publicación, distribución, etc. del original Madrid : [s.n.], 1948.
650 14 - PUNTO DE ACCESO ADICIONAL DE MATERIA--TÉRMINO DE MATERIA
Término de materia o nombre geográfico como elemento de entrada Refranes y proverbios-
Subdivisión de forma Bibliografías.
9 (RLIN) 142330
655 #7 - TERMINO DE INDIZACIÓN--GENERO/FORMA
Fuente del término tgfbne
9 (RLIN) 226495
Datos o término principal de género/forma Facsímiles
700 1# - ENTRADA AGREGADA--NOMBRE PERSONAL
Nombre de persona Calero, Francisco.
9 (RLIN) 33652
710 2# - ENTRADA AGREGADA--NOMBRE DE ENTIDAD CORPORATIVA
Nombre de entidad corporativa o nombre de jurisdicción como elemento de entrada Biblioteca Histórica Municipal de Madrid.
9 (RLIN) 2178
740 0# - ENTRADA AGREGADA--TÍTULO RELACIONADO/ANALÍTICO NO CONTROLADO
Título relacionado o analítico no controlado Apéndice al catálogo paremiológico.
852 ## - LOCALIZACIÓN
Ubicación ES-MaACL
Número de control de estantería G-23
942 ## - ELEMENTOS DE ENTRADA SECUNDARIOS (KOHA)
Fuente del sistema de clasificación o colocación Clasificación decimal universal
Holdings
Estatus retirado Estado de pérdida Fuente del sistema de clasificación o colocación Estado de daño No para préstamo Biblioteca de origen Biblioteca actual Ubicación en estantería Fecha de adquisición Total de préstamos Signatura topográfica completa Código de barras Visto por última vez Precio de reemplazo Tipo de ítem Koha
    Clasificación decimal universal     Biblioteca del Ateneo de Madrid Biblioteca del Ateneo de Madrid Depósito 2 17/01/2008   G-23 1012164 23/02/2023 23/02/2023 Libro impreso